| 000 | 00769nam a2200229 a 4500 | ||
|---|---|---|---|
| 005 | 20210223132349.0 | ||
| 008 | 140521s2007 mx r 000 0 spa d | ||
| 020 | _a8498011604(10 dígitos) | ||
| 020 | _a9788498011609 (13 dígitos) | ||
| 035 | _aUPN01000197397 | ||
| 049 | _aI | ||
| 050 | 4 |
_aPZ8.9 _bD6.3 |
|
| 100 | 1 |
_aDoyle, Malachy, _d1954- _933033 |
|
| 245 | 1 | 0 |
_aCuando una Coralina encontró a un Seralín / _cMalachy Doyle y Joel Stewart ; tr. Laura Muñoz Ferrando. |
| 260 |
_aBarcelona, Esp. : _bBlume, _cc2007. |
||
| 300 |
_a[28] p. : _bil. col. |
||
| 534 |
_pTítulo original: _tWhen a Zeeder met a Xyder |
||
| 650 | 4 |
_aCUENTOS INFANTILES IRLANDESES _913037 |
|
| 650 | 4 |
_aAMOR - _vLITERATURA INFANTIL _911101 |
|
| 905 | _aInfantil | ||
| 999 |
_c169498 _d169498 |
||